[Event "Tromsoe NGP op"]
[Site "Tromsoe"]
[Date "2013.11.22"]
[Round "1"]
[White "Pettersen, Magnor"]
[Black "Joensen, John"]
[Result "0-1"]
[WhiteElo "1708"]
[BlackElo "2017"]
[PlyCount "79"]
[EventDate "2013.11.22"]
[EventType "swiss"]
[EventRounds "5"]
[EventCountry "NOR"]
[SourceTitle "CBM 157 Extra"]
[Source "ChessBase"]
[SourceDate "2013.12.19"]
[SourceVersion "1"]
[SourceVersionDate "2013.12.19"]
[SourceQuality "1"]

1. d4 d5 2. c4 e6 3. Nf3 Be7 4. Nc3 Nf6 5. e3 0-0 6. Bd3 Nbd7 7. 0-0 b6 8. Re1 Bb7 9. e4 dxe4 10. Nxe4 c5 11. Ng3 cxd4 12. Nxd4 Nc5 13. Bc2 Qc7 14. Qe2 Rfe8 15. b3 Ncd7 16. Bb2 Bb4 17. Red1 a6 18. a3 Bf8 19. Re1 Rad8 20. Rad1 Ba8 21. Ne4 Qf4 22. Bc1 Qc7 23. b4 Bxe4 24. Bxe4 Nxe4 25. Qxe4 Qxc4 26. Be3 Nf6 27. Qf3 Nd5 28. Rc1 Qd3 29. Nc6 Rc8 30. Ne5 Qf5 31. Qxf5 exf5 32. Bd4 f6 33. Nd7 b5 34. Nc5 Bxc5 35. Bxc5 Nf4 36. Rxe8+ Rxe8 37. Rf1 Nd3 38. Rd1 Nb2 39. Rd6 Nc4 40. g3 0-1

[Event "Alta op"]
[Site "Alta"]
[Date "2012.05.27"]
[Round "4"]
[White "Joensen, John"]
[Black "Romsdal, Trond"]
[Result "1/2-1/2"]
[WhiteElo "1876"]
[BlackElo "2074"]
[PlyCount "56"]
[EventDate "2012.05.25"]
[EventType "swiss"]
[EventRounds "6"]
[EventCountry "NOR"]
[SourceTitle "EXT 2024"]
[Source "ChessBase"]
[SourceDate "2023.10.10"]
[SourceVersion "1"]
[SourceVersionDate "2023.10.10"]
[SourceQuality "1"]

1. e4 c5 2. Nf3 d6 3. d4 cxd4 4. Nxd4 Nf6 5. Nc3 a6 6. Be2 e5 7. Nb3 Be6 8. Bg5 Nbd7 9. 0-0 Be7 10. f4 Qc7 11. Qd2 0-0 12. Rae1 Rac8 13. Kh1 b5 14. a3 Bxb3 15. cxb3 Nc5 16. Bd1 Qb7 17. fxe5 dxe5 18. Bxf6 Bxf6 19. Rxf6 gxf6 20. Qh6 Rc6 21. Nd5 Rd8 22. Nxf6+ Rxf6 23. Qxf6 Qc7 24. Qg5+ Kf8 25. Qh6+ Ke8 26. Qxh7 Nd3 27. Qg8+ Ke7 28. Qg5+ Ke8 1/2-1/2

[Event "Alta op"]
[Site "Alta"]
[Date "2012.05.26"]
[Round "2"]
[White "Royset, Pal"]
[Black "Joensen, John"]
[Result "0-1"]
[WhiteElo "2131"]
[BlackElo "1876"]
[PlyCount "100"]
[EventDate "2012.05.25"]
[EventType "swiss"]
[EventRounds "6"]
[EventCountry "NOR"]
[SourceTitle "EXT 2024"]
[Source "ChessBase"]
[SourceDate "2023.10.10"]
[SourceVersion "1"]
[SourceVersionDate "2023.10.10"]
[SourceQuality "1"]

1. e4 e5 2. Nf3 Nc6 3. Bb5 a6 4. Ba4 Nf6 5. d3 b5 6. Bb3 Be7 7. a4 Rb8 8. axb5 axb5 9. 0-0 d6 10. c3 0-0 11. Re1 Bd7 12. Nbd2 Ra8 13. Rxa8 Qxa8 14. Nf1 Na5 15. Bc2 c5 16. Ng3 g6 17. Bh6 Re8 18. h3 Nc6 19. Qd2 Nd8 20. Nf5 Ne6 21. Nxe7+ Rxe7 22. d4 exd4 23. cxd4 c4 24. d5 Ng7 25. Bg5 Nge8 26. Qd4 Kg7 27. Re3 h6 28. Bh4 Bc8 29. Ra3 Qb7 30. g4 Qc7 31. g5 hxg5 32. Bxg5 b4 33. Ra8 Qb7 34. Ra1 b3 35. Bb1 Qd7 36. Bxf6+ Nxf6 37. Ng5 Qb5 38. Ra8 Rc7 39. Qc3 Qe8 40. f4 Qb5 41. Kg2 Qb7 42. Ra4 Qb5 43. Ra5 Qb6 44. e5 dxe5 45. fxe5 Nh5 46. Be4 Nf4+ 47. Kf3 Nd3 48. e6+ f6 49. Bxd3 cxd3 50. Rb5 d2 0-1

[Event "NOR-ch Nord"]
[Site "Tromsoe"]
[Date "2010.05.21"]
[Round "1"]
[White "Joensen, John"]
[Black "Solberg, Joachim Krokvik"]
[Result "1/2-1/2"]
[WhiteElo "1999"]
[BlackElo "2227"]
[PlyCount "114"]
[EventDate "2010.05.21"]
[EventType "swiss"]
[EventRounds "6"]
[EventCountry "NOR"]
[SourceTitle "EXT 2012"]
[Source "ChessBase"]
[SourceDate "2011.11.24"]
[SourceVersion "1"]
[SourceVersionDate "2011.11.24"]
[SourceQuality "1"]

1. e4 c5 2. Nf3 e6 3. d4 cxd4 4. Nxd4 a6 5. c4 Nf6 6. Nc3 Bb4 7. Bd3 Qa5 8. Bd2 Qb6 9. Nf3 d6 10. 0-0 0-0 11. a3 Bxc3 12. Bxc3 e5 13. Qd2 Nc6 14. Bc2 Bg4 15. Ne1 Rad8 16. Kh1 Be6 17. b3 Nh5 18. Nd3 f5 19. Nb4 f4 20. Nd5 Qa7 21. Bd1 Nf6 22. f3 b6 23. b4 Ne7 24. Bc2 Nexd5 25. exd5 Bd7 26. a4 Qc7 27. Bb3 Kh8 28. Rac1 Qb8 29. Qe2 Bf5 30. Be1 Nd7 31. Bf2 a5 32. Bc2 axb4 33. Rb1 Nc5 34. Rxb4 Bxc2 35. Qxc2 Qa7 36. Rfb1 Rb8 37. Bxc5 bxc5 38. Rb5 Ra8 39. a5 Kg8 40. Ra1 Qa6 41. Qb3 Qc8 42. Rb6 e4 43. fxe4 f3 44. gxf3 Qh3 45. f4 Qg4 46. Qg3 Qe2 47. Re1 Qxc4 48. Rxd6 Rxa5 49. Rd7 Qd4 50. e5 Rf7 51. Rd8+ Rf8 52. Rxf8+ Kxf8 53. Qf3 c4 54. d6 Ra1 55. Rxa1 Qxa1+ 56. Kg2 Qb2+ 57. Kg3 Qa1 1/2-1/2

[Event "NOR-ch Nord"]
[Site "Tromsoe"]
[Date "2010.05.21"]
[Round "4"]
[White "Romsdal, Trond"]
[Black "Joensen, John"]
[Result "1-0"]
[WhiteElo "2169"]
[BlackElo "1999"]
[PlyCount "95"]
[EventDate "2010.05.21"]
[EventType "swiss"]
[EventRounds "6"]
[EventCountry "NOR"]
[SourceTitle "EXT 2012"]
[Source "ChessBase"]
[SourceDate "2011.11.24"]
[SourceVersion "1"]
[SourceVersionDate "2011.11.24"]
[SourceQuality "1"]

1. d4 Nc6 2. c4 e5 3. d5 Nce7 4. Nc3 Ng6 5. g3 Bc5 6. Bg2 d6 7. e3 f5 8. Nge2 Nh6 9. 0-0 0-0 10. Na4 Qe7 11. Nxc5 dxc5 12. b3 Rb8 13. Qc2 Bd7 14. f4 Rbe8 15. Re1 e4 16. Bb2 Ng4 17. Qc3 a6 18. a3 Rf7 19. b4 Nh4 20. h3 Nxg2 21. Kxg2 Nf6 22. Rab1 cxb4 23. axb4 b5 24. Rbd1 bxc4 25. Qxc4 Bb5 26. Qc5 Qxc5 27. bxc5 Bd3 28. Bxf6 Rxf6 29. Nc1 Bb5 30. Rd4 Rd8 31. Na2 Kf8 32. Rb1 Rf7 33. Nc3 Bd3 34. Rb7 Rfd7 35. Kf2 h6 36. Ra7 Ke8 37. Rb4 Bb5 38. Ke1 c6 39. Rxd7 Kxd7 40. d6 g5 41. fxg5 hxg5 42. g4 Rh8 43. gxf5 Rxh3 44. Rxe4 Rf3 45. Re7+ Kd8 46. Nxb5 axb5 47. e4 g4 48. Ke2 1-0

[Event "NOR-ch Nord"]
[Site "Tromsoe"]
[Date "2010.05.21"]
[Round "2"]
[White "Royset, Pal"]
[Black "Joensen, John"]
[Result "0-1"]
[WhiteElo "2174"]
[BlackElo "1999"]
[PlyCount "104"]
[EventDate "2010.05.21"]
[EventType "swiss"]
[EventRounds "6"]
[EventCountry "NOR"]
[SourceTitle "EXT 2012"]
[Source "ChessBase"]
[SourceDate "2011.11.24"]
[SourceVersion "1"]
[SourceVersionDate "2011.11.24"]
[SourceQuality "1"]

1. e4 e5 2. Bc4 Nc6 3. d3 Nf6 4. Nf3 Be7 5. Bb3 d6 6. c3 0-0 7. Nbd2 Na5 8. Bc2 c5 9. 0-0 Qc7 10. Re1 Re8 11. Nf1 Bd7 12. Ng3 Rac8 13. h3 b5 14. Nf5 Bxf5 15. exf5 Nc6 16. g4 d5 17. g5 Nd7 18. a4 a6 19. Nh2 Rcd8 20. Ng4 d4 21. axb5 axb5 22. Qf3 Bf8 23. Bd2 Nb6 24. Re2 dxc3 25. bxc3 b4 26. Rae1 Nd5 27. Bb3 Nxc3 28. Bxc3 bxc3 29. g6 Kh8 30. Bxf7 Nd4 31. Qe4 Nxe2+ 32. Rxe2 Rd4 33. Qf3 Re7 34. Be6 Qb7 35. Qg3 c2 36. Rxc2 Qb1+ 37. Kg2 Rxg4 38. hxg4 Qxc2 39. Qh3 h6 40. g5 Qd2 41. gxh6 Qxh6 42. Qg4 Re8 43. Qe4 Qf4 44. Qc6 Rd8 45. Bc4 Qxf5 46. Kg1 Qg5+ 47. Kf1 Be7 48. Qh1+ Qh4 49. Qg2 Qh5 50. Ke1 Rb8 51. Ba2 Qh6 52. Bc4 Qc1+ 0-1

[Event "Tromsoe Nordlyssjakken op"]
[Site "Tromsoe"]
[Date "2010.03.04"]
[Round "1"]
[White "Joensen, John"]
[Black "Royset, Jon Kristian"]
[Result "0-1"]
[WhiteElo "2005"]
[BlackElo "2197"]
[PlyCount "100"]
[EventDate "2010.03.04"]
[EventType "swiss"]
[EventRounds "5"]
[EventCountry "NOR"]
[SourceTitle "EXT 2012"]
[Source "ChessBase"]
[SourceDate "2011.11.24"]
[SourceVersion "1"]
[SourceVersionDate "2011.11.24"]
[SourceQuality "1"]

1. e4 c5 2. Nf3 d6 3. d4 cxd4 4. Nxd4 Nf6 5. Nc3 g6 6. Be2 Bg7 7. Be3 0-0 8. Qd2 Nc6 9. f4 Bd7 10. h3 Nxd4 11. Bxd4 b5 12. Bf3 b4 13. Ne2 Rc8 14. 0-0 Ba4 15. c4 a5 16. b3 Bc6 17. Ng3 Nd7 18. Bxg7 Kxg7 19. Rad1 Qb6+ 20. Kh2 Rcd8 21. Rfe1 Ba8 22. Ne2 Qf2 23. Qd4+ Qxd4 24. Rxd4 Nc5 25. Red1 Rc8 26. e5 Bxf3 27. gxf3 dxe5 28. fxe5 a4 29. Nc1 axb3 30. axb3 Ra8 31. Rd5 Rfc8 32. Re1 Ra1 33. Rdd1 Rb1 34. Re3 e6 35. Rde1 Rd8 36. Kg3 Rd2 37. f4 h6 38. Kf3 Rh2 39. Kg3 Rhb2 40. Kf3 g5 41. fxg5 hxg5 42. R1e2 Rxe2 43. Nxe2 Nxb3 44. Ke4 Kg6 45. Kd3 Rb2 46. Ng3 Rd2+ 47. Ke4 Nc5+ 48. Kf3 Rh2 49. Re2 Rxh3 50. Rb2 b3 0-1

[Event "Tromsoesjakken"]
[Site "Tromsoe"]
[Date "2009.10.30"]
[Round "3"]
[White "Joensen, John"]
[Black "Jakobsen, Oivind"]
[Result "1-0"]
[WhiteElo "1990"]
[BlackElo "1689"]
[PlyCount "63"]
[EventDate "2009.10.30"]
[EventType "swiss"]
[EventRounds "5"]
[EventCountry "NOR"]
[SourceTitle "EXT 2012"]
[Source "ChessBase"]
[SourceDate "2011.11.24"]
[SourceVersion "1"]
[SourceVersionDate "2011.11.24"]
[SourceQuality "1"]

1. e4 c5 2. Nf3 d6 3. d4 cxd4 4. Nxd4 e5 5. Nb3 Be7 6. Nc3 Nf6 7. Bd3 Nc6 8. 0-0 0-0 9. Be3 Be6 10. Qe2 Nb4 11. Rad1 Qc8 12. Bg5 Nxd3 13. cxd3 h6 14. Bh4 Qc6 15. Rc1 Qa6 16. Rfe1 Rac8 17. Nd2 Rc7 18. Nf1 Rfc8 19. Rcd1 Kf8 20. Ne3 Rc5 21. a3 Bb3 22. Rd2 Bd8 23. Qf3 g5 24. Bg3 h5 25. h4 g4 26. Qf5 Be6 27. Qg5 Nxe4 28. Qh6+ Ke8 29. dxe4 Rxc3 30. bxc3 Rxc3 31. Bxe5 Bc7 32. Bxc3 1-0

[Event "Tromsoe CC-ch"]
[Site "Tromsoe"]
[Date "2009.??.??"]
[Round "5"]
[White "Joensen, John"]
[Black "Royset, Pal"]
[Result "0-1"]
[WhiteElo "1738"]
[BlackElo "2265"]
[PlyCount "74"]
[EventDate "2009.09.17"]
[EventType "swiss"]
[EventRounds "9"]
[EventCountry "NOR"]
[SourceTitle "EXT 2024"]
[Source "ChessBase"]
[SourceDate "2023.10.10"]
[SourceVersion "1"]
[SourceVersionDate "2023.10.10"]
[SourceQuality "1"]

1. e4 c5 2. Nf3 g6 3. d4 cxd4 4. Qxd4 Nf6 5. Bc4 Nc6 6. Qd3 Bg7 7. Nc3 0-0 8. Bg5 d6 9. 0-0-0 Bg4 10. Bb3 a5 11. a3 a4 12. Ba2 Ra5 13. Be3 Qb8 14. h3 Bxf3 15. gxf3 b5 16. Nd5 b4 17. Nxb4 Nxb4 18. axb4 Qxb4 19. Bd2 Qc5 20. Bxa5 Qxa5 21. Qc4 Nd7 22. Rd5 Qa7 23. Qe2 Nc5 24. h4 Rb8 25. c3 a3 26. b4 Na4 27. Ra5 Bh6+ 28. Kc2 Qxa5 29. Qc4 Qe5 30. Bb3 d5 31. exd5 Rxb4 32. cxb4 Qb2+ 33. Kd3 Qd2+ 34. Ke4 f5+ 35. Ke5 Nb6 36. Qc2 Qf4+ 37. Ke6 Qd6# 0-1

[Event "Tromsoe CC-ch"]
[Site "Tromsoe"]
[Date "2008.??.??"]
[Round "13"]
[White "Grundekjon, Christian S"]
[Black "Joensen, John"]
[Result "1-0"]
[WhiteElo "1374"]
[BlackElo "1766"]
[PlyCount "158"]
[EventDate "2008.09.02"]
[EventType "swiss"]
[EventCountry "NOR"]
[SourceTitle "EXT 2024"]
[Source "ChessBase"]
[SourceDate "2023.10.10"]
[SourceVersion "1"]
[SourceVersionDate "2023.10.10"]
[SourceQuality "1"]

1. c4 e5 2. Nc3 Nc6 3. Nf3 d6 4. g3 Nf6 5. d4 Bg4 6. d5 Nb8 7. Be3 Nbd7 8. a4 a5 9. Qb3 b6 10. Bg2 Be7 11. Qc2 Nb8 12. Nb5 Na6 13. 0-0 Qd7 14. Ne1 0-0 15. Qd2 Bh3 16. f3 Bf5 17. Bf2 Qd8 18. e4 Bg6 19. Nd3 Nd7 20. Rae1 f5 21. Bh3 Bg5 22. Be3 Bxe3+ 23. Rxe3 Ndc5 24. exf5 Bxf5 25. Bxf5 Rxf5 26. Nxc5 Nxc5 27. Qc2 Rf7 28. Nc3 Qg5 29. Re2 Raf8 30. Ne4 Nxe4 31. Qxe4 Rf4 32. Qe3 Qg6 33. b3 Rd4 34. Rd2 Rxd2 35. Qxd2 Rf4 36. Qe2 Rf8 37. Kg2 Re8 38. Qe4 Qg5 39. f4 Qg4 40. Re1 Qh5 41. h3 Qf7 42. Re2 g6 43. Rf2 Qd7 44. Re2 Qf5 45. fxe5 dxe5 46. Qxf5 gxf5 47. Rf2 Rf8 48. Re2 Re8 49. Kf3 Kf7 50. g4 f4 51. Ke4 Kf6 52. Rc2 Kg5 53. c5 Kh4 54. cxb6 cxb6 55. Rc3 h5 56. gxh5 Kxh5 57. Rc6 Kg5 58. Rxb6 Rh8 59. Re6 Rxh3 60. Rxe5+ Kf6 61. Rf5+ Ke7 62. Rxf4 Rxb3 63. Ke5 Re3+ 64. Kd4 Re1 65. Kc5 Rc1+ 66. Kb6 Kd6 67. Rf5 Rb1+ 68. Kxa5 Rb2 69. Ka6 Rb1 70. a5 Rb2 71. Ka7 Rb1 72. a6 Rb2 73. Ka8 Rb1 74. a7 Rb2 75. Rh5 Rb1 76. Rh8 Kxd5 77. Rb8 Rh1 78. Kb7 Rb1+ 79. Kc7 Rc1+ 1-0